Central Library OPAC University of Rajshahi

সাধারণ প্রানিবিদ্যা=GENEREL ZOOLOGY / (Record no. 51142)

MARC details
000 -LEADER
fixed length control field 00948nam a2200241 a 4500
001 - CONTROL NUMBER
control field 51142
003 - CONTROL NUMBER IDENTIFIER
rucl marc code BD-RjUL
005 - DATE AND TIME OF LATEST TRANSACTION
control field 20211209075621.0
008 - FIXED-LENGTH DATA ELEMENTS--GENERAL INFORMATION
fixed length control field 160829s1982 bg a|||| || | 001 0 ben d
020 ## - INTERNATIONAL STANDARD BOOK NUMBER
Terms of availability :TK. 55.00
035 ## - SYSTEM CONTROL NUMBER
System control number (BD-RjUL)51262
040 ## - CATALOGING SOURCE
Original cataloging agency BD-RjUL
Language of cataloging ben
Transcribing agency BD-RjUL
041 ## - LANGUAGE CODE
Language code of text/sound track or separate title ben
082 ## - DEWEY DECIMAL CLASSIFICATION NUMBER
Edition number 22
Classification number 590
Author mark and year KAS 1982
100 1# - MAIN ENTRY--PERSONAL NAME
Personal name কবির, সৈয়দ মুহম্মদ হুমায়ুন
9 (RLIN) 124166
245 10 - TITLE STATEMENT
Title সাধারণ প্রানিবিদ্যা=GENEREL ZOOLOGY /
Statement of responsibility, etc. সৈয়দ মুহম্মদ হুমায়ুন কবির
260 ## - PUBLICATION, DISTRIBUTION, ETC. (IMPRINT)
Place of publication, distribution, etc. ঢাকা :
Name of publisher, distributor, etc. বাংলা একাডেমী,
Date of publication, distribution, etc. ১৯৮২
300 ## - PHYSICAL DESCRIPTION
Pagination [৮], ৩২৪ পৃ. :
Illustrations চিত্র ;
Size ২৩ সেমি.
500 ## - GENERAL NOTE
General note নির্ঘণ্ট সংযুক্ত
650 ## - SUBJECT ADDED ENTRY--TOPICAL TERM
Topical term or geographic name as entry element প্রানিবিদ্যা
9 (RLIN) 152981
Topical term or geographic name as entry element Zoology
9 (RLIN) 152982
942 ## - ADDED ENTRY ELEMENTS (KOHA)
Source of classification or shelving scheme Dewey Decimal Classification
Koha item type Books
Holdings
Lost status Source of classification or shelving scheme Damaged status Not for loan Collection code Permanent Location Current Location Shelving location Date acquired Source of acquisition Cost, normal purchase price Total Checkouts Full call number Date last seen Date checked out Copy number Koha item type
  Dewey Decimal Classification     Non-fiction Central Library, University of Rajshahi Central Library, University of Rajshahi   05/08/1984 Imperial Book Rajshahi 55.00 1 B 590 KAS 1982 23/03/2023 22/03/2023 C-2 Books